000 00507nam a2200181Ia 4500
001 50756
008 140502s9999 xx 000 0 und d
020 _a9780425217511
040 _cPK-LaUMT
082 _a 956.7044342
_bAFO-H
100 _aAfong, Milo S.
245 _aHogs in the shadows
_bcombat stories from marine snipers in Iraq
_cAfong, Milo S.
260 _aNew York,USA:
_bBerkley Caliber,
_c2007
300 _a259 p.
546 _aEN
650 _aSnipers-United States-Biography
942 _cBK
999 _c48358
_d48358